| 000 | 00000nas##2200000za#4500 |
| 001 | 9.512901 |
| 003 | CaOODSP |
| 005 | 20210615082728 |
| 007 | ta |
| 008 | 150406c1992||||xxc|| m #||||f| |0fre|d |
| 040 | |aCaOODSP|bfre |
| 043 | |an-cn--- |
| 086 | 1 |aCW69-4F |
| 110 | 2 |aService canadien de la faune. |
| 245 | 10|aFaune et flore du pays |
| 260 | |aOttawa - Ontario : |bEnvironnement Canada. |
| 310 | |aIrrégulier |
| 520 | 3 |aAborde une grande variété de questions touchant la faune et la flore du Canada – par exemple, les espèces exotiques envahissantes et les stratégies de protection des espèces sauvages. Documente les difficultés des espèces en péril au Canada; fournit des renseignements sur les habitats et l’histoire naturelle de la faune au Canada; et fait la chronique des efforts de conservation à l’échelle nationale et internationale. Comprend des photos, des illustrations et des cartes. |
| 563 | |aDépliant |
| 775 | 08|tHinterland who's who |w(CaOODSP)9.514490 |
| 776 | 0#|tLa faune de l'arrière-pays |w(CaOODSP)9.500858 |